Pohoda cez víkend oslavovala desať rokov

Podrobná bibliografia
Hlavní autori: Rehák, Oliver, 1973- (Autor), Prokopčák, Tomáš (Autor)
Médium: Článok
Jazyk:slovenčina
PhysicalDescription:Fotogr.
ISSN:1335-440X
Predmet:

MARC

LEADER 00000nab a2200000 a 4500
001 vtls008955716
003 SK-MaSNL
005 20260303070351.0
008 140512c20060717xo dr|p|||||||000 b|slo
015 |a SNBRB2007/03  |2 snkbucl 
038 |a SNKBUCL 
040 |a SNKBUCL  |b slo  |c SNKBUCL  |e AACR2 
041 |a slo 
044 |a xo  |c SK 
080 |a 78.079:784.66  |2 2001 
100 1 |a Rehák, Oliver,  |d 1973-  |4 aut  |9 104655 
245 1 0 |a Pohoda cez víkend oslavovala desať rokov  |c Oliver Rehák, Tomáš Prokopčák 
300 |b Fotogr. 
611 2 7 |a Bažant Pohoda  |n (10. :  |d 2006 : Trenčín, Slovensko)  |2 snkbucl  |9 1067699 
651 7 |a Trenčín (Slovensko)  |2 snkbucl  |9 159956 
700 1 |a Prokopčák, Tomáš  |4 aut  |9 1033992 
773 0 |t Sme. Práca  |g Roč. 15, č. 163 (17.7.2006)  |x 1335-440X 
773 0 |t Kultúra  |g S. 11 
852 |a SNK  |b KIS3GCP 
958 |a SK 
999 |c 1755043  |d 1756973